000 00488nam a2200181Ia 4500
003 GCL
008 140319s9999 xx 000 0 ara d
040 _aGCL /
_cGCL
082 0 4 _a415.1
_bب ت
100 1 _aبزجشتراسر، ج
245 1 0 _aالتطور النحوى للغة العربية /
_cبزجشتراسر، ج
300 _a160 ص
490 _aكتاب
_v0
650 0 4 _aالنحو
650 0 4 _aاللغات
650 0 4 _aاللغة العربية
942 _2ddc
_cBK
999 _c40887
_d40887